Online
Catalog

Raíces, tubérculos, platanos y bananas en la nutrición humana / (Record no. 23928)

MARC details
000 -CABECERA
campo de control de longitud fija 00822nam a2200229 a 4500
001 - NÚMERO DE CONTROL
campo de control 000024435
005 - FECHA Y HORA DE LA ÚLTIMA TRANSACCIÓN
campo de control 20240627090350.0
008 - DATOS DE LONGITUD FIJA--INFORMACIÓN GENERAL
campo de control de longitud fija 110127s1991 it ad r 001 0 spa d
020 ## - NÚMERO INTERNACIONAL ESTÁNDAR DEL LIBRO
Número Internacional Estándar del Libro 9253028629
040 ## - FUENTE DE LA CATALOGACIÓN
Centro catalogador/agencia de origen DO-SdBNP
Lengua de catalogación spa
Centro/agencia transcriptor BNPHU
082 ## - NÚMERO DE LA CLASIFICACIÓN DECIMAL DEWEY
Número de clasificación xxxxxx
Número de documento/Ítem O68r
049 ## - FONDOS LOCALES (OCLC)
Fondos de biblioteca BNGR
110 ## - ENTRADA PRINCIPAL--NOMBRE DE ENTIDAD CORPORATIVA
Nombre de entidad corporativa o nombre de jurisdicción como elemento de entrada FAO
9 (RLIN) 50095
245 10 - MENCIÓN DE TÍTULO
Título Raíces, tubérculos, platanos y bananas en la nutrición humana /
Mención de responsabilidad, etc. prólogo P. Lunven.
260 ## - PUBLICACIÓN, DISTRIBUCIÓN, ETC.
Lugar de publicación, distribución, etc. Roma :
Nombre del editor, distribuidor, etc. Organización de las Naciones Unidas para la Agricultura y la Alimentación (FAO),
Fecha de publicación, distribución, etc. 1991.
300 ## - DESCRIPCIÓN FÍSICA
Extensión xvii, 196 p. :
Otras características físicas il., diag. ;
Dimensiones 21 cm.
490 1# - MENCIÓN DE SERIE
Mención de serie FAO: Aimentación y nutrición
Designación de volumen o secuencia 24
500 ## - NOTA GENERAL
Nota general Incluye índice de cuadros.
500 ## - NOTA GENERAL
Nota general Incluyen notas al pie de las páginas.
700 1# - PUNTO DE ACCESO ADICIONAL--NOMBRE DE PERSONA
Nombre de persona Lunven, P.,
Término indicativo de función/relación pról.
9 (RLIN) 50096
830 #0 - PUNTO DE ACCESO ADICIONAL DE SERIE-TÍTULO UNIFORME
Título uniforme FAO: Aimentación y nutrición
Número de parte o sección de la obra 24
9 (RLIN) 50097
Holdings
Estado de retiro Estado de pérdida Restricciones de uso No para préstamo Código de colección Localización permanente Ubicación/localización actual Ubicación en estantería Fecha de adquisición Número de inventario Total de préstamos Signatura topográfica completa Código de barras Fecha visto por última vez Precio válido a partir de Tipo de ítem Koha
        Monografías: Libros y Folletos General General En catalogación 27.01.2011 LF1   xxxxxx O68r 24435-10 25.06.2020 25.06.2020 Préstamo en sala

Powered by Koha